| 000 | 01396nam a2200361 c 4500 | ||
|---|---|---|---|
| 003 | BLK | ||
| 005 | 20250517123022.0 | ||
| 008 | 180408b bul|||||r ||||||| ||bul|| | ||
| 010 | _aKNG00081962000 | ||
| 020 |
_a954-9390-02-0 _bиздат.: Зенит |
||
| 040 | _aBLK | ||
| 041 |
_aBUL _cBUL |
||
| 080 |
_aКучета _b636.7 _x.083(035) _z636.7.083(035) |
||
| 100 | 1 |
_aФогъл, Брус _eпърви автор _9286556 |
|
| 700 | 1 |
_aБоюкова, Елица _eпрев. _942350 |
|
| 139 |
_aФогъл, Брус _bФ 66 |
||
| 245 | 1 | 0 |
_aВсичко за кучето _bНаръчник на собственика _cБрус Фогъл; прев. Елица Боюкова. |
| 257 | _aGBR | ||
| 260 |
_аСофия _bЗенит _c2004 |
||
| 300 |
_a288 с. _bс цв. ил. _c22 см |
||
| 380 | _a63 | ||
| 500 | _aОриг. загл. Dog Owner's Manual / Bruce Fogle. - Офс. изд. - Съдържа и Речник. - Азб. показалец. | ||
| 650 | 4 |
_aКучета - отглеждане - наръчници и ръководства _9248432 |
|
| 653 | _aкучета | ||
| 653 | _aнаръчници | ||
| 653 | _aръководства | ||
| 852 | _aЦб 238734 | ||
| 856 | 4 |
_qpdf _u |
|
| 856 | 4 |
_qpdf _u |
|
| 942 |
_cKNG _n0 _022 |
||
| 944 |
_aCR _c04.03.2008 _k30550 _lКети Илиева |
||
| 944 |
_aED _c14.12.2017 _kГрета_Цуфелде |
||
| 999 |
_c77505 _d77505 |
||